Giáo trình nhập môn lập trình VB6
Сохранить в:
| Главный автор: | |
|---|---|
| Формат: | |
| Язык: | Undetermined |
| Опубликовано: |
Hà Nội
Lao động - Xã hội
2005
|
| Предметы: | |
| Метки: |
Добавить метку
Нет меток, Требуется 1-ая метка записи!
|
| Thư viện lưu trữ: | Trung tâm Học liệu Trường Đại học Cần Thơ |
|---|
| LEADER | 00665nam a2200205Ia 4500 | ||
|---|---|---|---|
| 001 | CTU_112308 | ||
| 008 | 210402s9999 xx 000 0 und d | ||
| 020 | |c 89000 | ||
| 082 | |a 005.267 | ||
| 082 | |b Kh106 | ||
| 100 | |a Phạm, Hữu Khang | ||
| 245 | 0 | |a Giáo trình nhập môn lập trình VB6 | |
| 245 | 0 | |c Phạm Hữu Khang | |
| 260 | |a Hà Nội | ||
| 260 | |b Lao động - Xã hội | ||
| 260 | |c 2005 | ||
| 650 | |a Basic ( computer program language ),Microsoft visual basic | ||
| 904 | |i Minh | ||
| 910 | |a Sách kèm CD-ROM AV.003648, AV.003649, AV.003650, AV.003651, | ||
| 980 | |a Trung tâm Học liệu Trường Đại học Cần Thơ | ||